| 000 | 00556nam a2200181Ia 4500 | ||
|---|---|---|---|
| 008 | 090123s9999 xx 000 0 und d | ||
| 082 |
_b28088 _a891.463/कर्णिक |
||
| 100 | _aकर्णिक हेमन | ||
| 245 | _aडेडली किलर | ||
| 250 | _a1 | ||
| 260 |
_bशांती प्रकाशन _c1998 |
||
| 300 | _a228 | ||
| 600 | _aकर्णिक हेमन | ||
| 630 | _aडेडली किलर | ||
| 700 | _aकर्णिक हेमन | ||
| 730 | _aडेडली किलर | ||
| 942 | _cBOOK | ||
| 999 |
_c66502 _d66502 |
||